书目信息 |
| 题名: |
简单轻松学房地产开发企业会计
|
|
| 作者: | 黄毅勤 主编 | |
| 分册: | ||
| 出版信息: | 北京 中国市场出版社 2007.07 |
|
| 页数: | 13, 341页 | |
| 开本: | 21cm | |
| 丛书名: | 简单轻松学财会丛书 | |
| 单 册: | ||
| 中图分类: | F293.33 | |
| 科图分类: | ||
| 主题词: | 房地产业--fang di chan ye--会计--基本知识 | |
| 电子资源: | ||
| ISBN: | 978-7-5092-0222-7 | |
| 000 | 00948nam 2200253 450 | |
| 001 | 012008845187 | |
| 005 | 20080525092504.60 | |
| 010 | @a978-7-5092-0222-7@dCNY28.00 | |
| 100 | @a20080525d2007 em y0chiy0120 ea | |
| 101 | 0 | @achi |
| 102 | @aCN@b110000 | |
| 105 | @ay z 000yy | |
| 106 | @ar | |
| 200 | 1 | @a简单轻松学房地产开发企业会计@Ajian dan qing song xue fang di chan kai fa qi ye kuai ji@f黄毅勤主编@Fhuang yi qin zhu bian |
| 210 | @a北京@c中国市场出版社@d2007.07 | |
| 215 | @a13, 341页@d21cm | |
| 225 | 2 | @a简单轻松学财会丛书@Ajian dan qing song xue cai kuai cong shu |
| 330 | @a本书包括:总论、货币资金、金融资产、存货、投资性房地产、长期股权投资、固定资产、无形资产及其他资产、流动负债等内容。 | |
| 410 | 0 | @12001 @a简单轻松学财会丛书 |
| 606 | 0 | @a房地产业@Afang di chan ye@x会计@x基本知识 |
| 690 | @aF293.33@v4 | |
| 701 | 0 | @a黄毅勤@Ahuang yi qin@4主编 |
| 801 | 0 | @aCN@bQSSK@c20080525 |
| 905 | @b713474-76@dF293.33@eH915@f3 | |
| 简单轻松学房地产开发企业会计/黄毅勤主编.-北京:中国市场出版社,2007.07 |
| 13, 341页;21cm.-(简单轻松学财会丛书) |
| ISBN 978-7-5092-0222-7:CNY28.00 |
| 本书包括:总论、货币资金、金融资产、存货、投资性房地产、长期股权投资、固定资产、无形资产及其他资产、流动负债等内容。 |
| ● |
| 相关链接 |
|
|
|
正题名:简单轻松学房地产开发企业会计
索取号:F293.33/H915
 
预约/预借
| 序号 | 登录号 | 条形码 | 馆藏地/架位号 | 状态 | 备注 |
| 1 | 713474 | 207134741 | 社科库409/409社科库 104排2列3层/ [索取号:F293.33/H915] | 在馆 | |
| 2 | 713475 | 207134750 | 社科库409/409社科库 104排2列3层/ [索取号:F293.33/H915] | 在馆 | |
| 3 | 713476 | 207134769 | 社科库409/409社科库 104排2列3层/ [索取号:F293.33/H915] | 在馆 |